000 01043cam a22002054a 4500
005 20250605164225.0
008 250528s ||||||||||||||||||||||||d
035 _a20820
020 _a9789639719101
040 _aGR-AtMCL
_bgre
_dGR-AtMCL
_eAACR2
245 1 _aEffective Criminal Defence in Eastern Europe / Bulgaria - Georgia - Lithuania - Moldova - Ukraine
260 _bLarn Legal Aid Reformers' Network,
_c2012
300 _a500
520 _aThis book is devoted to Criminal Defense in Eastern Europe during 2010 and 2011. Preface and Acknowledgements, Effective Criminal Defense in a European Context, Effective Criminal Defense and Fair Trial, Standards for Effective Criminal Defense, National Approaches to Effective Criminal Defense, Bulgaria, Georgia, Lithuania, Moldova, Ukraine, Analysis and Conclusions, Compliance with European Standards, Improving Access to Effective Criminal Defense, Annexes.
700 1 _aCape Ed
_96788
700 1 _aNamoradze Zaza
_96789
942 _cBK
999 _c5902
_d5902